Imiona nadane dziewczynkom w 2024 roku - Statystyki

Ogólne statystyki
  • Ten quiz został rozwiązany 467 razy
  • Średni wynik to 56 z 100
Statystyki odpowiedzi
Hint Odpowiedź % Poprawnych
Z Zofia
92%
Z Zuzanna
92%
A Anna
89%
H Hanna
89%
J Julia
88%
L Lena
87%
W Wiktoria
87%
M Maria
84%
O Oliwia
84%
M Maja
83%
N Natalia
83%
B Barbara
81%
A Aleksandra
80%
O Olivia
80%
W Weronika
80%
Ł Łucja
79%
A Alicja
78%
K Katarzyna
78%
K Karolina
77%
P Paulina
77%
A Amelia
75%
I Iga
75%
P Pola
74%
E Ewa
73%
L Laura
73%
D Daria
69%
E Emilia
69%
H Helena
69%
M Marta
69%
M Magdalena
68%
M Martyna
68%
R Róża
67%
D Dominika
66%
G Gabriela
64%
J Joanna
64%
K Kinga
63%
M Małgorzata
63%
M Michalina
63%
L Lilia
62%
N Nadia
62%
A Agata
61%
U Urszula
61%
I Izabela
60%
M Milena
60%
K Klaudia
59%
M Marcelina
59%
A Antonina
58%
J Jagoda
58%
K Kornelia
58%
L Lilianna
58%
N Nikola
58%
O Olga
58%
S Sara
57%
K Kamila
56%
K Kaja
53%
L Lidia
53%
A Anastazja
52%
D Dorota
52%
N Nina
52%
C Celina
51%
E Eliza
51%
R Rozalia
50%
M Marianna
49%
N Nel
48%
B Blanka
47%
L Liliana
47%
A Adrianna
46%
A Aniela
46%
K Klara
45%
N Nela
43%
A Alina
42%
M Malwina
42%
M Mia
42%
W Wanda
42%
G Gaja
41%
A Aurelia
40%
L Liwia
40%
B Bianka
39%
F Felicja
38%
M Matylda
38%
D Diana
37%
I Ida
37%
J Jadwiga
37%
L Luiza
36%
Z Zoja
35%
M Melania
33%
K Kalina
30%
R Rita
30%
S Stefania
29%
A Apolonia
28%
E Emma
27%
J Jaśmina
27%
L Lila
27%
E Elena
24%
L Lara
24%
J Jagna
23%
S Sofia
22%
S Sofiia
22%
A Adelina
11%
M Milana
11%
Nie znaleziono quizów pasujących do podanych kryteriów
Rozkład punktacji
Procent ludzi z każdym wynikiem
Percentyl według liczby udzielonych odpowiedzi
Twoja historia wyników
Nie rozwiązałeś tego quizu